Constitutional law of India (Record no. 281418)

MARC details
000 -LEADER
fixed length control field 00530nam a2200217Ia 4500
003 - CONTROL NUMBER IDENTIFIER
control field OSt
005 - DATE AND TIME OF LATEST TRANSACTION
control field 20240913100513.0
008 - FIXED-LENGTH DATA ELEMENTS--GENERAL INFORMATION
fixed length control field 240126s9999 xx 000 0 und d
020 ## - INTERNATIONAL STANDARD BOOK NUMBER
International Standard Book Number 9788170129035
040 ## - CATALOGING SOURCE
Transcribing agency 0
041 ## - LANGUAGE CODE
Language code of text/sound track or separate title English
082 ## - DEWEY DECIMAL CLASSIFICATION NUMBER
Classification number 342.5402 TOP;1 R
100 ## - MAIN ENTRY--PERSONAL NAME
Personal name Tope, T K. Manohar, Sujata V.
245 #0 - TITLE STATEMENT
Title Constitutional law of India
250 ## - EDITION STATEMENT
Edition statement 3rd ed.
260 ## - PUBLICATION, DISTRIBUTION, ETC.
Name of publisher, distributor, etc. Eastern Book Co
Place of publication, distribution, etc. Lucknow
300 ## - PHYSICAL DESCRIPTION
Extent lxxx, 1303
440 ## - SERIES STATEMENT/ADDED ENTRY--TITLE
Title NULL
650 ## - SUBJECT ADDED ENTRY--TOPICAL TERM
Topical term or geographic name entry element Constitutional,law,India
942 ## - ADDED ENTRY ELEMENTS (KOHA)
Koha item type Law Books
Source of classification or shelving scheme Dewey Decimal Classification
Holdings
Date last seen Total checkouts Full call number Accession number Volume/Issue Number Date last checked out Cost, total (INR) price Price effective from Category Lost status Source of classification or shelving scheme Damaged status Department Withdrawn status Home library Current library Shelving location Entry date Vendor Cost, normal purchase price Grants Billnumber Currency symbol Conversion rate Discount Old discount
17/04/2026 2 342.5402 TOP;1 R LL443 (02/07/1905) 01/04/2026 1125.00 26/01/2024 Law Books   Dewey Decimal Classification   LAW   Law Library Law Library   19/05/2017 Surya Book Supplier 1500.00 Law 60 RS 1 375 25
26/01/2024   342.5402 TOP;2 R1 LL444 (02/07/1905)   1125.00 26/01/2024 Law Books   Dewey Decimal Classification   LAW   Law Library Law Library   19/05/2017 Surya Book Supplier 1500.00 Law 60 RS 1 375 25

© For any Suggestions or Query, please contact the library staff @ librarian@pes.edu or Phone: +9180 2672 1983/ 2108.